000
00339nam a2200145Ia 4500
005
20251221000919.0
008
251220s1990||||xx |||||||||||||| ||spa||
082
_a
614/M26/T.II
100
_a
Martín Zurro, A.
245
0
_a
Atención Primaria :
250
_a
4a.ed.
264
_b
Ediciones Harcourt, S.A.
942
_c
LIB
942
_c
P01
999
_c
409
_d
409